000 00845cab a2200241 4500
001 WB3330-30
008 090401t1997 xxu||||| |||| 00| 0 eng d
035 _a(Sirsi) u80040
041 _aeng
245 _aNo surrender
260 _c1997
350 _a0
490 _aEstates Gazette
_v(9730) 26 July 1997, 123(1)
520 _aDiscusses "McDougalls Catering Foods Ltd v BSE Trading Ltd" CA 2 May 1997 (WB3220-17) raising the issue of whether the landlord`s action in claiming possession against third parties should be treated as acceptance of a surrender.
650 _aFORFEITURE OF LEASE
650 _aGYPSIES
650 _aMCDOUGALLS CATERING FOODS LTD V BSE TRADING LTD
650 _aSURRENDER OF LEASE
650 _aTHIRD PARTIES
690 _aLANDLORD AND TENANT-BUSINESS TENANCIES
942 _n0
948 _c31/07/1997
999 _c50379
_d50379